000 01237nam a2200289Ia 4500
999 _c52661
_d52661
001 19685
003 GE_BSU
005 20200325184214.0
008 181216s1976||||ge |||||||||||||| ||geo||
040 _cGE_BSU
041 _ageo
080 _a81'34 ქ-60
100 _aქობალავა, ი.
_97789
245 _aფონემის ცნება ენათმეცნიერებაში /
_cი. ქობალავა ; რედ. თ. შარაძენიძე.
264 _aთბილისი :
_bმეცნიერება,
_c1976.
300 _a254გვ;21სმ.
500 _aსაძიებლები : გვ. 248-254
520 _a რეზიუმე რუსულ ენაზე
541 _h3ლ.
653 _aენათმეცნიერება
653 _aფონემა
653 _aფონემის ცნება ენათმეცნიერებაში
700 _aშარაძენიძე, თ.
_eრედაქტორი
_91099
710 _aსაქ. სსრ მეცნ. აკადემია
_97790
710 _a ენათმეცნიერების ინ-ტი
_97791
942 _cBK
_2udc